Reprodukčné a sexuálne zdravie ženy v dimenziách ošetrovateľstva a pôrodnej asistencie

Podrobná bibliografia
Hlavní autori: Urbanová, Eva, 1965- (Autor), Bašková, Martina, 1972- (Autor), Bubeníková, Milina, 1948- (Autor), Fetisovová, Želmíra, 1941-2021 (Autor), Kelčíková, Simona, 1969- (Autor), Maskálová, Erika, 1976- (Autor), Ovšonková, Anna, 1972- (Autor), Tomašíková, Martina (Autor)
Médium: Kniha
Jazyk:slovenčina
Fyzický popis:256 s. ilustr., tab. 24 cm
Vydavateľské údaje: Martin Osveta 2010
ISBN:9788080633431
Vydanie:[1. vyd.]
Predmet:

MARC

LEADER 00000cam a2200000 a 4500
001 vtls010198363
003 SK-MaSNL
005 20260302011518.0
008 180809s2010 xo la f b 000 0 slo
015 |a SNBA2011/07-03702 
020 |a 9788080633431  |q (brož.) 
035 |a 643D53BD-8AD9-46DF-89F2-CF706F854BB3 
035 |a urn:nbn:sk:snk-amlexh 
035 |a urn:nbn:sk:snk-am008yyj 
040 |a SNK  |b slo  |c SNK  |e AACR2 
041 0 |a slo 
044 |a xo  |c Sk 
072 7 |a 618  |x Gynekológia. Pôrodníctvo  |2 konspekt 
080 |a 618.4-089  |2 2001 
080 |a 618.1  |2 2001 
080 |a 618.2  |2 2001 
080 |a 616-083  |2 2001 
080 |a (048.8:082)  |2 2001 
100 1 |a Urbanová, Eva,  |d 1965-  |4 aut  |9 197401 
245 1 0 |a Reprodukčné a sexuálne zdravie ženy v dimenziách ošetrovateľstva a pôrodnej asistencie  |c Eva Urbanová ... [et al.] 
250 |a [1. vyd.] 
260 |a Martin  |b Osveta  |c 2010 
300 |a 256 s.  |b ilustr., tab.  |c 24 cm 
504 |a Bibliogr. Bibliogr. s. 253-254. Pozn. 
650 0 7 |a gynekológia  |2 SNKPH  |9 2474 
650 0 7 |a pôrodníctvo  |2 SNKPH  |9 2475 
650 0 7 |a ošetrovateľská starostlivosť  |2 SNKPH  |9 63308 
650 0 7 |a Gynecology  |2 SNKPHeng  |9 268159 
650 0 7 |a pôrodná asistencia  |2 SNKPH  |9 70072 
650 0 7 |a Obstetrics  |2 SNKPHeng  |9 268160 
650 0 7 |a Midwifery  |2 SNKPHeng  |9 306691 
650 0 7 |a Nursing care  |2 SNKPHeng  |9 268413 
655 7 |a kolektívne monografie  |2 SNKPH  |9 249850 
655 7 |a Collective monographs  |2 SNKPHeng  |9 125747 
700 1 |a Bašková, Martina,  |d 1972-  |4 aut  |9 21037 
700 1 |a Bubeníková, Milina,  |d 1948-  |4 aut  |9 27094 
700 1 |a Fetisovová, Želmíra,  |d 1941-2021  |4 aut  |9 195092 
700 1 |a Kelčíková, Simona,  |d 1969-  |4 aut  |9 185679 
700 1 |a Maskálová, Erika,  |d 1976-  |4 aut  |9 197399 
700 1 |a Ovšonková, Anna,  |d 1972-  |4 aut  |9 185680 
700 1 |a Tomašíková, Martina  |4 aut  |9 423003 
852 |a Štátna vedecká knižnica v Banskej Bystrici 
919 |a 978-80-8063-343-1 
958 |a NB 
958 |a MI 
968 |d 61 
999 |c 1006400  |d 1008330 
952 |a SNK  |b SNK  |y PREZ  |7 0  |p 17A0701296  |o snkSC 145106  |i snk2011/9185  |8 0  |0 0  |1 0  |4 0  |d 2011-04-20  |f 1  |l 0  |r 2025-07-14 00:00:00  |w 2026-02-24 
952 |a SNK  |b SNKPULT  |y VYP  |7 0  |p 17A0701295  |o snkSC 145106 D1  |i snk2011/9188  |8 0  |0 0  |1 0  |4 0  |d 2011-04-20  |l 2  |m 1  |q 2026-06-15  |r 2026-05-15 09:39:33  |s 2026-05-15  |w 2026-02-24